|
|
|
|
| LEADER |
01280nam a2200361Ia 4500 |
| 001 |
EBC533976 |
| 003 |
MiAaPQ |
| 005 |
20200520144314.0 |
| 006 |
m o d | |
| 007 |
cr cn||||||||| |
| 008 |
100301s2010 njua s 001 0 eng d |
| 010 |
|
|
|z 2010004696
|
| 020 |
|
|
|z 9780470437568 (cloth)
|
| 020 |
|
|
|z 9780470642412
|
| 035 |
|
|
|a (MiAaPQ)EBC533976
|
| 035 |
|
|
|a (Au-PeEL)EBL533976
|
| 035 |
|
|
|a (CaPaEBR)ebr10388356
|
| 035 |
|
|
|a (CaONFJC)MIL269114
|
| 035 |
|
|
|a (OCoLC)630544671
|
| 040 |
|
|
|a MiAaPQ
|c MiAaPQ
|d MiAaPQ
|
| 050 |
|
4 |
|a HG4028.V3
|b M55 2010
|
| 082 |
0 |
4 |
|a 658.15/5
|2 22
|
| 100 |
1 |
|
|a Miller, Warren D.,
|d 1943-
|
| 245 |
1 |
0 |
|a Value maps
|h [electronic resource] :
|b valuation tools that unlock business wealth /
|c Warren D. Miller.
|
| 260 |
|
|
|a Hoboken, N.J. :
|b Wiley,
|c c2010.
|
| 300 |
|
|
|a xxvi, 370 p. :
|b ill.
|
| 500 |
|
|
|a Includes index.
|
| 533 |
|
|
|a Electronic reproduction. Ann Arbor, MI : ProQuest, 2015. Available via World Wide Web. Access may be limited to ProQuest affiliated libraries.
|
| 650 |
|
0 |
|a Business enterprises
|x Valuation.
|
| 650 |
|
0 |
|a Corporations
|x Valuation.
|
| 655 |
|
4 |
|a Electronic books.
|
| 710 |
2 |
|
|a ProQuest (Firm)
|
| 856 |
4 |
0 |
|u https://ebookcentral.proquest.com/lib/matrademy/detail.action?docID=533976
|z Click to View
|